000 00711nam a2200217 4500
003 OSt
005 20240718084218.0
006 a
008 240718b |||||||| |||| 00| 0 eng d
020 _a076681582
040 _aDWCL-Main lib.
_cOC
082 _aCirc. 387.7422 S471p 2001
100 _aSemer-Purzycki, Jeanne
245 _aA Practical Guide to fares and ticketing /
260 _aAlbany, N.Y. :
_bDelmar/Thompson Learning,
_cc2001.
300 _axii,
_b436p.: ill. ;
_c28 cm.
504 _aIncludes Index.
650 _a1. Airlines-United States-Reservation systems-Handbooks, Manuals, Etc.
650 _a2. Airlines-United States-Rates-Handbooks, Manuals Etc.
942 _2ddc
_n0
_cBK-CIRC
_kCirc.
999 _c2403
_d2403